Oceania Capitals by airport code - Statistics

General Stats
  • This quiz has been taken 415 times
  • The average score is 10 of 14
Answer Stats
Airport Answer % Correct
CBR Canberra
97%
SUV Suva
91%
WLG Wellington
91%
APW Apia
87%
FUN Funafuti
86%
POM Port Moresby
81%
MAJ Majuro
80%
HIR Honiara
78%
TRW South Tarawa
68%
VLI Port Vila
66%
PNI Palikir
55%
TBU Nukuʻalofa
53%
INU Yaren
53%
ROR Ngerulmud
49%
No matching quizzes found
Score Distribution
Percent of People with Each Score
Percentile by Number Answered
Your Score History
You have not taken this quiz